000 00554nam a2200205 a 4500
001 19572
003 CO-ViMGA
008 141112s2004 ck r 000 u spa d
020 _a8420733725
040 _aCO-ViMGA
_bspa
_cCO-ViMGA
082 0 4 _aI 398.22 B473m
100 1 _aBird, Malcolm
_928273
245 1 0 _aManual de la bruja
260 _aMadrid :
_bAnaya; 1987
300 _a96 p.
590 _aForma de adquisición : Premio Mincultura
650 1 4 _aBRUJAS - CUENTOS INFANTILES
_928274
650 1 4 _aBRUJERIA - LEYENDAS
_928275
942 _2ddc
_cBK
999 _c28712
_d28712